<?xml version="1.0" encoding="UTF-8"?>
<record
    xmlns:xsi="http://www.w3.org/2001/XMLSchema-instance"
    xsi:schemaLocation="http://www.loc.gov/MARC21/slim http://www.loc.gov/standards/marcxml/schema/MARC21slim.xsd"
    xmlns="http://www.loc.gov/MARC21/slim">

  <leader>01212aaa a2200241 a 4500</leader>
  <controlfield tag="001">78745</controlfield>
  <controlfield tag="003">BD-RjUL</controlfield>
  <controlfield tag="005">20211209083153.0</controlfield>
  <controlfield tag="008">211110s2002    su ||||| |||| 00| 0 ara d</controlfield>
  <datafield tag="035" ind1=" " ind2=" ">
    <subfield code="a">(BD-RjUL)78971</subfield>
  </datafield>
  <datafield tag="040" ind1=" " ind2=" ">
    <subfield code="a">BD-RjUL</subfield>
    <subfield code="b">eng</subfield>
    <subfield code="c">BD-RjUL</subfield>
  </datafield>
  <datafield tag="041" ind1=" " ind2=" ">
    <subfield code="a">ara</subfield>
  </datafield>
  <datafield tag="082" ind1=" " ind2=" ">
    <subfield code="2">23</subfield>
    <subfield code="a">892.714</subfield>
    <subfield code="b">SEK 2002</subfield>
  </datafield>
  <datafield tag="100" ind1=" " ind2=" ">
    <subfield code="a">&#x633;&#x644;&#x64A;&#x645;&#x60C; &#x645;&#x62D;&#x645;&#x62F; &#x625;&#x628;&#x631;&#x627;&#x647;&#x64A;&#x645;. ;; Selim, Mohamed Ibrahim.</subfield>
    <subfield code="9">249499</subfield>
  </datafield>
  <datafield tag="245" ind1=" " ind2=" ">
    <subfield code="a">&#x643;&#x639;&#x628; &#x628;&#x646; &#x632;&#x647;&#x64A;&#x631; &#x628;&#x646; &#x623;&#x628;&#x64A; &#x633;&#x644;&#x645;&#x649; : &#x623;&#x62D;&#x62F; &#x641;&#x62D;&#x648;&#x644; &#x627;&#x644;&#x645;&#x62E;&#x636;&#x631;&#x645;&#x64A;&#x646;&#x60C; &#x648;&#x635;&#x627;&#x62D;&#x628; &#x628;&#x627;&#x646;&#x62A; &#x633;&#x639;&#x627;&#x62F; &#x641;&#x64A; &#x645;&#x62F;&#x62D; &#x627;&#x644;&#x646;&#x628;&#x64A; &#x627;&#x644;&#x623;&#x645;&#x64A;&#x646; ;;Ka&#x2BB;b ibn Zuhayr ibn Ab&#x12B; Sulam&#xE1; : a&#x1E25;ad fu&#x1E25;&#x16B;l al-mukha&#x1E0D;ram&#x12B;n, wa-&#x1E63;&#x101;&#x1E25;ib B&#x101;nit Su&#x2BB;&#x101;d f&#x12B; mad&#x2B9;h al-Nab&#x12B; al-Am&#x12B;n! / </subfield>
    <subfield code="c">&#x645;&#x62D;&#x645;&#x62F; &#x625;&#x628;&#x631;&#x627;&#x647;&#x64A;&#x645; &#x633;&#x644;&#x64A;&#x645;. &#x643;&#x639;&#x628; &#x628;&#x646; &#x632;&#x647;&#x64A;&#x631; ;;Mu&#x1E25;ammad Ibr&#x101;h&#x12B;m Sal&#x12B;m</subfield>
  </datafield>
  <datafield tag="260" ind1=" " ind2=" ">
    <subfield code="a"> Mad&#x12B;nat Na&#x1E63;r, al-Q&#x101;hirah : </subfield>
    <subfield code="b">&#x62F;&#x627;&#x631; &#x627;&#x644;&#x637;&#x644;&#x627;&#x626;&#x639;&#x60C;D&#x101;r al-&#x1E6C;al&#x101;&#x2BC;i&#x2BB;, </subfield>
    <subfield code="c">2002</subfield>
  </datafield>
  <datafield tag="300" ind1=" " ind2=" ">
    <subfield code="a">79 pages ; </subfield>
    <subfield code="c">24 cm.</subfield>
  </datafield>
  <datafield tag="490" ind1=" " ind2=" ">
    <subfield code="a">Shu&#x2BB;ar&#x101;&#x2BC; al-&#x2BB;Arab wa-al-Isl&#x101;m.</subfield>
  </datafield>
  <datafield tag="500" ind1=" " ind2=" ">
    <subfield code="a"> 	 Ka&#x2BB;b ibn Zuhayr ; Poets; Arabic poetry; biography; history and criticism.</subfield>
  </datafield>
  <datafield tag="600" ind1=" " ind2=" ">
    <subfield code="a">Ka&#x2BB;b ibn Zuhayr. </subfield>
    <subfield code="x"> Qa&#x1E63;&#x12B;dat al-Burdah. </subfield>
    <subfield code="9">249834</subfield>
  </datafield>
  <datafield tag="650" ind1=" " ind2=" ">
    <subfield code="a">Qa&#x1E63;&#x12B;dat al-Burdah (Ka&#x2BB;b ibn Zuhayr)</subfield>
    <subfield code="9">249835</subfield>
  </datafield>
  <datafield tag="942" ind1=" " ind2=" ">
    <subfield code="2">ddc</subfield>
    <subfield code="c">BK</subfield>
  </datafield>
  <datafield tag="999" ind1=" " ind2=" ">
    <subfield code="c">78745</subfield>
    <subfield code="d">78745</subfield>
  </datafield>
  <datafield tag="952" ind1=" " ind2=" ">
    <subfield code="0">0</subfield>
    <subfield code="1">0</subfield>
    <subfield code="2">ddc</subfield>
    <subfield code="4">0</subfield>
    <subfield code="7">1</subfield>
    <subfield code="8">NFIC</subfield>
    <subfield code="a">RUCL</subfield>
    <subfield code="b">RUCL</subfield>
    <subfield code="c">Reading</subfield>
    <subfield code="d">2009-11-18</subfield>
    <subfield code="e">Ahsania Mission, Dhaka</subfield>
    <subfield code="g">300.00</subfield>
    <subfield code="l">0</subfield>
    <subfield code="o">A 892.714 SEK 2002</subfield>
    <subfield code="r">2021-11-10 00:00:00</subfield>
    <subfield code="t">C-1</subfield>
    <subfield code="w">2021-11-10</subfield>
    <subfield code="y">BK</subfield>
  </datafield>
</record>
